| 000 | 00503nam a2200217 i 4500 | ||
|---|---|---|---|
| 001 | bg | ||
| 245 | 7 | 0 |
_aAda 95 / _cZbigniew Huzar [et al.]. |
| 260 |
_aGliwice : _bHelion, _c1998. |
||
| 300 |
_a372 s. ; _c24 cm. |
||
| 504 | _aIndeks. | ||
| 650 | 9 | _aADA 95 | |
| 655 | _aPodręczniki | ||
| 700 | 1 | _aHUZAR, Zbigniew | |
| 020 | _a8386718382 | ||
| 040 | _cBPK | ||
| 041 | 0 | _apl | |
| 080 | _a004.438(07)Ada | ||
| 920 | _a83-86718-38-2 | ||
| 942 | _cKS | ||
| 008 | s pl f |000 0 pol | ||
| 999 |
_c35741 _d35741 |
||
| 856 |
_uhttp://koha.tu.koszalin.pl/cgi-bin/koha/opac-detail.pl?biblionumber=35741 _yKatalog online BPK |
||